Dangerous drugs, drinks and tobacco / (Record no. 5808)

MARC details
000 -LEADER
fixed length control field 00904nam a22002297a 4500
003 - CONTROL NUMBER IDENTIFIER
control field GBCCL
005 - DATE AND TIME OF LATEST TRANSACTION
control field 20241126110550.0
008 - FIXED-LENGTH DATA ELEMENTS--GENERAL INFORMATION
fixed length control field 180409b ||||| |||| 00| 0 eng d
020 ## - INTERNATIONAL STANDARD BOOK NUMBER
International Standard Book Number 8172144946
020 ## - INTERNATIONAL STANDARD BOOK NUMBER
International Standard Book Number 9788172144944
040 ## - CATALOGING SOURCE
Transcribing agency GBC
082 ## - DEWEY DECIMAL CLASSIFICATION NUMBER
Classification number 362.29
Item number SUW
100 ## - MAIN ENTRY--PERSONAL NAME
Personal name Suwartic, Benjamin S
9 (RLIN) 10511
245 ## - TITLE STATEMENT
Title Dangerous drugs, drinks and tobacco /
Statement of responsibility, etc. Benjamin S Suwartic; I.S.P.C.K. (Organization)
260 ## - PUBLICATION, DISTRIBUTION, ETC.
Place of publication, distribution, etc. Delhi :
Name of publisher, distributor, etc. Ashish Amos of Indian Society for Promoting Christian Knowledge,
Date of publication, distribution, etc. ©1999
300 ## - PHYSICAL DESCRIPTION
Extent 71, [1] pages ;
Other physical details 19 cm.
440 ## - SERIES STATEMENT/ADDED ENTRY--TITLE
Title Developmental education series, 81
9 (RLIN) 10512
505 ## - FORMATTED CONTENTS NOTE
Formatted contents note The pestilence of narcotic --<br/>Drugs on the playground --<br/>Liquor is injurious --<br/>Tobacco and smoking --<br/>Pan masala --<br/>Prohibition of addictions in religion.
650 ## - SUBJECT ADDED ENTRY--TOPICAL TERM
Topical term or geographic name entry element Substance abuse -- India.
9 (RLIN) 10513
650 ## - SUBJECT ADDED ENTRY--TOPICAL TERM
Topical term or geographic name entry element Substance abuse.
Geographic subdivision India.
9 (RLIN) 10514
942 ## - ADDED ENTRY ELEMENTS (KOHA)
Source of classification or shelving scheme Dewey Decimal Classification
Koha item type Books
Koha issues (borrowed), all copies 13
Holdings
Withdrawn status Lost status Source of classification or shelving scheme Damaged status Not for loan Home library Current Library Shelving location Date acquired Total checkouts Full call number Barcode Date last seen Date last checked out Copy number Price effective from Koha item type
    Dewey Decimal Classification     GRACE BIBLE COLLEGE GRACE BIBLE COLLEGE General Studies 2018-04-09 1 362.29 SUW 006250 2025-05-01 2023-09-11 c.1 2018-04-09 Books
    Dewey Decimal Classification     GRACE BIBLE COLLEGE GRACE BIBLE COLLEGE General Studies 2018-04-10 3 362.29 SUW 006313 2025-05-01 2024-03-04 c.2 2018-04-10 Books
    Dewey Decimal Classification     GRACE BIBLE COLLEGE GRACE BIBLE COLLEGE General Studies 2018-07-30 4 362.29 SUW 013545 2025-05-01 2024-03-01 c.3 2018-07-30 Books
    Dewey Decimal Classification     GRACE BIBLE COLLEGE GRACE BIBLE COLLEGE General Studies 2018-07-30 3 362.29 SUW 013546 2025-12-02 2025-11-26 c.4 2018-07-30 Books
    Dewey Decimal Classification     GRACE BIBLE COLLEGE GRACE BIBLE COLLEGE General Studies 2019-02-18 6 362.29 SUW 013627 2025-09-26 2025-09-24 c.5 2019-02-18 Books
© Grace Bible College Library 2025